<?xml version="1.0" encoding="UTF-8"?>
<record
    xmlns:xsi="http://www.w3.org/2001/XMLSchema-instance"
    xsi:schemaLocation="http://www.loc.gov/MARC21/slim http://www.loc.gov/standards/marcxml/schema/MARC21slim.xsd"
    xmlns="http://www.loc.gov/MARC21/slim">

  <leader>00969nam a22001337a 4500</leader>
  <datafield tag="040" ind1=" " ind2=" ">
    <subfield code="c">RUA</subfield>
  </datafield>
  <datafield tag="082" ind1=" " ind2=" ">
    <subfield code="a">FIS PHU 2016 B462 Or.1</subfield>
  </datafield>
  <datafield tag="100" ind1=" " ind2=" ">
    <subfield code="a">PHUOT NY ,&#x1797;&#x17BD;&#x178F;&#x17CB; &#x1793;&#x17B8;</subfield>
  </datafield>
  <datafield tag="245" ind1=" " ind2=" ">
    <subfield code="a">effect of different doseof suprefact injection on pangasius hypophthalmus artificial breeding in keng'shatchery farm in nitean commune , boset district, kampong speu province , &#x17A5;&#x1791;&#x17D2;&#x1792;&#x17B7;&#x1796;&#x179B;&#x1780;&#x1798;&#x17D2;&#x179A;&#x17B7;&#x178F;&#x178A;&#x17BD;&#x179F;&#x1793;&#x17C3;&#x17A2;&#x17D0;&#x179A;&#x1798;&#x17C9;&#x17BC;&#x1793;  suprefact  &#x1791;&#x17C5;&#x179B;&#x17BE;&#x1780;&#x17B6;&#x179A;&#x1795;&#x179B;&#x17B7;&#x178F;&#x1780;&#x17BC;&#x1793;&#x178F;&#x17D2;&#x179A;&#x17B8;&#x1794;&#x17D2;&#x179A;&#x17B6;&#x178F;&#x17B6;&#x1798;&#x1794;&#x17C2;&#x1794;&#x179F;&#x17B7;&#x1794;&#x17D2;&#x1794;&#x1793;&#x17B7;&#x1798;&#x17D2;&#x1798;&#x17B7;&#x178F;&#x1793;&#x17C5;&#x1780;&#x179F;&#x17B7;&#x178A;&#x17D2;&#x178B;&#x17B6;&#x1793;&#x1795;&#x179B;&#x17B7;&#x178F;&#x1780;&#x17BC;&#x1793;&#x178F;&#x17D2;&#x179A;&#x17B8;&#x1796;&#x17BC;&#x1787;&#x1780;&#x179F;&#x17B7;&#x1780;&#x179A; &#x1780;&#x17C2;&#x1793; &#x17A0;&#x17C1;&#x1784; &#x1783;&#x17BB;&#x17C6;&#x1793;&#x17B7;&#x1791;&#x17B6;&#x1793; &#x179F;&#x17D2;&#x179A;&#x17BB;&#x1780;&#x1794;&#x179A;&#x179F;&#x17C1;&#x178A;&#x17D2;&#x178B; &#x1781;&#x17C1;&#x178F;&#x17D2;&#x178F;&#x1780;&#x17C6;&#x1796;&#x1784;&#x17CB;&#x179F;&#x17D2;&#x1796;&#x17BA;</subfield>
  </datafield>
  <datafield tag="260" ind1=" " ind2=" ">
    <subfield code="a">RUA</subfield>
    <subfield code="b">phnom penh</subfield>
    <subfield code="c">2016 </subfield>
  </datafield>
  <datafield tag="300" ind1=" " ind2=" ">
    <subfield code="a">ix;31p;</subfield>
    <subfield code="b">ill;</subfield>
    <subfield code="c">29cm;</subfield>
  </datafield>
  <datafield tag="856" ind1=" " ind2=" ">
    <subfield code="u">https://drive.google.com/file/d/1FY8GlW_Ys1oSMCVDedNCV6vogL2gW17S/view?usp=sharing</subfield>
  </datafield>
  <datafield tag="942" ind1=" " ind2=" ">
    <subfield code="c">FIS</subfield>
  </datafield>
  <datafield tag="999" ind1=" " ind2=" ">
    <subfield code="c">19251</subfield>
    <subfield code="d">19251</subfield>
  </datafield>
  <datafield tag="952" ind1=" " ind2=" ">
    <subfield code="0">0</subfield>
    <subfield code="1">0</subfield>
    <subfield code="2">ddc</subfield>
    <subfield code="4">0</subfield>
    <subfield code="6">FIS_PHU_2016_000000000000000_B462_OR_1</subfield>
    <subfield code="7">0</subfield>
    <subfield code="9">84488</subfield>
    <subfield code="a">LBB</subfield>
    <subfield code="b">LBB</subfield>
    <subfield code="c">B462</subfield>
    <subfield code="d">2020-07-21</subfield>
    <subfield code="o">FIS PHU 2016 B462 Or.1</subfield>
    <subfield code="p">A42559</subfield>
    <subfield code="r">2020-07-21</subfield>
    <subfield code="w">2020-07-21</subfield>
    <subfield code="y">FIS</subfield>
  </datafield>
  <datafield tag="952" ind1=" " ind2=" ">
    <subfield code="0">0</subfield>
    <subfield code="1">0</subfield>
    <subfield code="2">ddc</subfield>
    <subfield code="4">0</subfield>
    <subfield code="6">FIS_PHU_2016_000000000000000_B462_OR_2</subfield>
    <subfield code="7">0</subfield>
    <subfield code="9">84489</subfield>
    <subfield code="a">LBB</subfield>
    <subfield code="b">LBB</subfield>
    <subfield code="c">B462</subfield>
    <subfield code="d">2020-07-21</subfield>
    <subfield code="o">FIS PHU 2016 B462 Or.2</subfield>
    <subfield code="p">A42470</subfield>
    <subfield code="r">2020-07-21</subfield>
    <subfield code="w">2020-07-21</subfield>
    <subfield code="y">FIS</subfield>
  </datafield>
  <datafield tag="952" ind1=" " ind2=" ">
    <subfield code="0">0</subfield>
    <subfield code="1">0</subfield>
    <subfield code="2">ddc</subfield>
    <subfield code="4">0</subfield>
    <subfield code="6">FIS_PHU_2016_000000000000000_B462_OR_3</subfield>
    <subfield code="7">0</subfield>
    <subfield code="9">84490</subfield>
    <subfield code="a">LBB</subfield>
    <subfield code="b">LBB</subfield>
    <subfield code="c">B462</subfield>
    <subfield code="d">2020-07-21</subfield>
    <subfield code="o">FIS PHU 2016 B462 Or.3</subfield>
    <subfield code="p">A44048</subfield>
    <subfield code="r">2020-07-21</subfield>
    <subfield code="w">2020-07-21</subfield>
    <subfield code="y">FIS</subfield>
  </datafield>
  <datafield tag="952" ind1=" " ind2=" ">
    <subfield code="0">0</subfield>
    <subfield code="1">0</subfield>
    <subfield code="2">ddc</subfield>
    <subfield code="4">0</subfield>
    <subfield code="6">FIS_PHU_2016_000000000000000_B462_OR_4</subfield>
    <subfield code="7">0</subfield>
    <subfield code="9">84491</subfield>
    <subfield code="a">LBB</subfield>
    <subfield code="b">LBB</subfield>
    <subfield code="c">B462</subfield>
    <subfield code="d">2020-07-21</subfield>
    <subfield code="o">FIS PHU 2016 B462 Or.4</subfield>
    <subfield code="p">A42929</subfield>
    <subfield code="r">2020-07-21</subfield>
    <subfield code="w">2020-07-21</subfield>
    <subfield code="y">FIS</subfield>
  </datafield>
  <datafield tag="952" ind1=" " ind2=" ">
    <subfield code="0">0</subfield>
    <subfield code="1">0</subfield>
    <subfield code="2">ddc</subfield>
    <subfield code="4">0</subfield>
    <subfield code="6">FIS_PHU_2016_000000000000000_B462_OR_5</subfield>
    <subfield code="7">0</subfield>
    <subfield code="9">84492</subfield>
    <subfield code="a">LBB</subfield>
    <subfield code="b">LBB</subfield>
    <subfield code="c">B462</subfield>
    <subfield code="d">2020-07-21</subfield>
    <subfield code="o">FIS PHU 2016 B462 Or.5</subfield>
    <subfield code="p">A42634</subfield>
    <subfield code="r">2020-07-21</subfield>
    <subfield code="w">2020-07-21</subfield>
    <subfield code="y">FIS</subfield>
  </datafield>
  <datafield tag="952" ind1=" " ind2=" ">
    <subfield code="0">0</subfield>
    <subfield code="1">0</subfield>
    <subfield code="2">ddc</subfield>
    <subfield code="4">0</subfield>
    <subfield code="6">FIS_PHU_2016_000000000000000_B462_OR_6</subfield>
    <subfield code="7">0</subfield>
    <subfield code="9">84493</subfield>
    <subfield code="a">LBB</subfield>
    <subfield code="b">LBB</subfield>
    <subfield code="c">B462</subfield>
    <subfield code="d">2020-07-21</subfield>
    <subfield code="o">FIS PHU 2016 B462 Or.6</subfield>
    <subfield code="p">A43918</subfield>
    <subfield code="r">2020-07-21</subfield>
    <subfield code="w">2020-07-21</subfield>
    <subfield code="y">FIS</subfield>
  </datafield>
</record>
